| 000 | 01406nam a2200349 c 4500 | ||
|---|---|---|---|
| 003 | BLK | ||
| 005 | 20180422104448.0 | ||
| 008 | 180408b bul|||||r ||||||| ||bul|| | ||
| 010 | _aKNG00092989000 | ||
| 020 |
_a978-954-28-0625-7 _bиздат.: Сиела Софт енд Паблишинг |
||
| 040 | _aBLK | ||
| 041 |
_aBUL _cBUL |
||
| 072 | 7 |
_2bullib _aН84 _xБългарска художествена литература Н |
|
| 080 |
_aБългарска литература _b821.163.2 _x-32 _z821.163.2-32 |
||
| 100 | 1 |
_aЕнев, Деян _eпърви автор _gПопов, Деян Енев _9365263 |
|
| 700 | 1 |
_aПопов, Деян Енев _e* _9272523 |
|
| 139 |
_aЕнев, Деян _bЕ 64 |
||
| 245 | 1 | 0 |
_aГрадче на име Мендосино _cДеян Енев; * Деян Енев Попов. |
| 257 | _aBGR | ||
| 260 |
_аСофия _bСиела Софт енд Паблишинг _c2009 |
||
| 300 |
_a95 с. _c21 см |
||
| 380 | _aX | ||
| 490 | 1 | _aМайстори на разказа | |
| 500 | _aПълното име на авт. е Деян Енев Попов. - Офс. изд. - Съдържа и Биографични данни за авт. | ||
| 653 | _aразкази | ||
| 659 | _aН | ||
| 852 | _aЦб 246230 | ||
| 856 | 4 |
_qpdf _u |
|
| 856 | 4 |
_qpdf _u |
|
| 942 |
_cKNG _n0 |
||
| 944 |
_aCR _c11.12.2009 _lф / _kЛюдмила_Стоянова |
||
| 944 |
_aED _c18.05.2011 _lф / _k |
||
| 999 |
_c88327 _d88327 |
||